| 000 | 00835cam a22002533a 4500 | ||
|---|---|---|---|
| 001 | 31311 | ||
| 003 | PGUSA | ||
| 005 | 20140828083658.0 | ||
| 008 | 100217s2010||||xxu|||||s|||||000 | eng d | ||
| 040 |
_aPGUSA _beng |
||
| 042 | _adc | ||
| 050 | 4 | _aBX | |
| 100 | 1 | _aDowning, Dennis J. | |
| 245 | 1 | 0 |
_aVocations Explained : _bMatrimony, Virginity, the Religious State and the Priesthood _h[electronic resource] / _cDennis J. Downing |
| 260 |
_bProject Gutenberg, _c2010 |
||
| 500 | _aAbridgement of "Questions on Vocations" by Dennis J. Downing. | ||
| 506 | _aPublic domain in the USA. | ||
| 516 | _aElectronic text | ||
| 653 | _aVocation (in religious orders, congregations, etc.) | ||
| 653 | _aVocation, Ecclesiastical | ||
| 830 | 0 |
_aProject Gutenberg _v31311 |
|
| 856 | 4 | 0 | _uhttp://www.gutenberg.org/ebooks/31311 |
| 942 | _cEB | ||
| 999 |
_c260566 _d260566 |
||